000 00185 a2200097 4500
020 _a8475254365
041 _aspa
100 _aSantiago Santerbs̀
245 _aRomǹ y yo
942 _cBK
999 _c28996
_d28994